[Event "Begrüßungsturnier Super Nova 8"]
[Site "Turnierstufe"]
[Date "2023.07.23"]
[Round "5"]
[White "Super Nova"]
[Black "Turbo King II EGR II"]
[Result "0-1"]
[WhiteElo "1840"]
[BlackElo "1960"]
[EventDate "????.??.??"]
[PlyCount "107"]

{Mit einem sinnlosen Damenausfall bereits im 16. Zug bringt sich Super Nova
gleich auf die Verliererstrasse. Sie gerät umgehend in die Defensive und der
Turbo King II kann eine überwältigende Stellung aufbauen. Das D+ Programm
braucht etwas Zeit um zu verstehen, wie gut es ihm geht, aber schließlich fällt
der Groschen, der SciSys macht stetig Druck und lenkt in ein klar gewonnenes
Endspiel ein.} 1.e4 c5 2.c3 Nf6 3.e5 Nd5 4.d4 cxd4 5.Nf3 Nc6 6.cxd4 d6 7.Bc4 e6 
8.O-O Be7 9.Qe2 O-O 10.Nc3 Nxc3 11.bxc3 {Buchende.} 11...dxe5 {Buchende.} 
12.Nxe5 Nxe5 13.dxe5 Qa5 14.Bb2 Bd7 15.Bd3 Bc6 16.Qh5 $2 {Das bringt doch gar
nichts - lediglich Vorteile für Schwarz.} 16...g6 17.Qe2 Qd5 18.f4 Rfd8 19.Rfd1 
Qa5 20.c4 {Super Nova hat jetzt bereits Riesenprobleme, ihre Stellung zusammen
zu halten.} 20...Qb6+ ( {Verpasst die logische - aber natürlich viel zu
langzügige - Fortsetzung:} 20...Rd7 21.Kf1 Rad8 22.Rac1 Ba4 23.Bc3 Bb4 24.Bxb4 
Qxb4 25.Bc2 Rxd1+ 26.Rxd1 Rxd1+ 27.Bxd1 Bxd1 28.Qxd1 Qxc4+ 29.Kg1 Qxf4 {...} ) 
21.Kh1 {Der Novag kann ein wenig durchatmen, doch Schwarz steht weiterhin sehr
stark...} 21...Qa5 22.Qe3 Bc5 23.Qc1 Qb6 24.Qc2 Qa6 {... weiß es aber nicht.
Bewertung (-00.22).} 25.Qe2 Rac8 26.Bc3 Qa3 27.Rac1 Rd7 {Bekommt nun TK II eine
Idee davon, was zu tun ist - Turmverdoppelung?} 28.Rf1 b6 29.Rfe1 a6 30.Rf1 
{Super Nova fühlt sich pudelwohl: (+0.18)} 30...Rcd8 {Na, endlich. TK II fühlt
sich mit einem halben Bauern im Vorteil.} 31.Bb1 {Super Nova findet das alles
sehr ausgeglichen, für Hiarcs 15.2 hat Schwarz quasi schon gewonnen, hält den
Textzug} 31...Bb7 {aber für eher schwach und spuckt diese Variante aus:} ( 
31...Bd4 32.Bxd4 Rxd4 33.Rcd1 Qc3 34.Rxd4 Rxd4 35.Rf2 Qc1+ 36.Rf1 Qd2 37.Qxd2 
Rxd2 38.Rg1 Rb2 39.h4 Bxg2+ 40.Rxg2 Rxb1+ 41.Rg1 Rxg1+ 42.Kxg1 Kg7 43.Kf2 f6 
44.Kf3 fxe5 45.fxe5 Kf7 46.a4 Ke7 47.Kg4 h6 48.h5 g5 49.Kf3 Kd7 50.Ke3 Kc6 
51.Kd3 {# in 16!} 51...Kc5 52.Kc3 g4 53.Kd3 g3 54.Ke3 Kxc4 55.Kf3 b5 56.axb5 
axb5 57.Kxg3 b4 58.Kf4 Kd3 59.Kf3 b3 60.Kg3 b2 61.Kg2 Ke2 62.Kg3 Ke3 63.Kh2 Kf2 
64.Kh3 b1=Q 65.Kh2 Qg1+ 66.Kh3 Qg3# {Da wird einem schwindelig.} ) 32.Rc2 $2 
{Stärker ist ein Gegenangriff, der aber nicht durchdringt::} ( 32.f5 Kh8 
33.fxg6 fxg6 {...} ) 32...Rd3 $1 33.Rd2 Rxd2 34.Bxd2 Qb2 35.Rd1 Rd4 36.Bd3 Qxa2 
37.Qf1 Be4 {Jetzt glaubt auch TK II, dass es ihm gut geht: (-1.98 aus Sicht von
Weiss)} 38.Bxe4 Rxe4 39.f5 {Mogeln hilft nicht mehr.} 39...Qxc4 40.Qxc4 Rxc4 
41.Bh6 Rd4 42.Rxd4 Bxd4 43.fxe6 fxe6 44.h3 Bxe5 45.Kg1 a5 46.Kf1 b5 47.Ke2 b4 
48.Bd2 b3 49.Kd1 a4 50.Bb4 Bb2 51.Kd2 a3 52.Bc3 e5 53.Kd3 e4+ 54.Kc4 {und
Aufgabe (resg)} 0-1

[Event "Begrüßungsturnier Super Nova 8"]
[Site "Turnierstufe"]
[Date "2023.07.24"]
[Round "6"]
[White "Turbo King II EGR II"]
[Black "Super Nova"]
[Result "0-1"]
[WhiteElo "1967"]
[BlackElo "1833"]
[EventDate "????.??.??"]
[PlyCount "74"]

{Die Partie 6 verliert Turbo King II durch einen kurzsichtigen Bauernrückgewinn
auf a7. Tatsächlich begeht er damit einen Riesenfehler, weil er die Anfälligkeit
seiner eigenen Grundreihe völlig unterschätzt. Danach spielt Super Nova ihren
Vorteil souverän bis zum Gewinn herunter und gleicht das Match gegen den
wesentlich höher bewerteten Gegner wieder aus.} 1.d4 Nf6 2.Nf3 d5 3.c4 dxc4 
4.Nc3 c6 5.e4 b5 6.e5 Nd5 7.a4 e6 8.axb5 Nxc3 {Buchende.} 9.bxc3 cxb5 10.Ng5 
Bb7 11.Qh5 g6 12.Qg4 Be7 13.Be2 Nd7 14.Bf3 {Buchende.} 14...Bxf3 15.Qxf3 O-O 
16.Ne4 b4 17.Bh6 Re8 18.O-O b3 19.Ra6 Nb6 20.Rfa1 Nd5 21.Rxa7 $4 {Achtung:
Giftig! Da hat sich das Kaplan-Programm schwer verrechnet. Es erkennt die eigene
Grundlinienschwäche nicht.} 21...Rxa7 22.Rxa7 ( {TK II sieht's immer noch nicht,
sonst hätte er} 22.Rb1 {gespielt.} ) 22...b2 23.Qd1 Qb6 ( {Noch stärker ist:} 
23...Qa8 $1 24.Rxa8 Rxa8 25.Nd2 Ra1 26.Qf1 Nxc3 27.g3 Rxf1+ 28.Kxf1 {...} ) 
24.Qb1 Qxa7 25.Qxb2 Rb8 26.Qc1 Qa2 27.Nd2 g5 $1 {Klasse.} 28.h4 Rb2 29.hxg5 
Rxd2 30.g6 Rxf2 31.Kh1 hxg6 32.Be3 Rxg2 33.Bg1 Rg4 {Mattankündigung.} 34.Qb2 
Qxb2 35.Bf2 Qc1+ 36.Kh2 Qh6+ 37.Bh4 Qxh4# 0-1

[Event "Begrüßungsturnier Super Nova 8"]
[Site "Turnierstufe"]
[Date "2023.07.25"]
[Round "7"]
[White "Super Nova"]
[Black "Turbo King II EGR II"]
[Result "1-0"]
[WhiteElo "1847"]
[BlackElo "1953"]
[EventDate "????.??.??"]
[PlyCount "85"]

{Auch in Partie Nr. 7 geht der höher eingestufte Turbo King II sang- und
klanglos unter. Beide Kontrahenten spielen quasi ohne Bibliothek und die schlaue
Super Nova lockt die gegnerische Dame frühzeitig ins Feld. Mit ihren Attacken
gegen sie baut der Novag eine starke Angriffsposition auf und in der Folge geht
das Kaplan-Programm in einem Königsangriff unter.} 1.c4 {Buchende. Auch
Vorgänger Constellation fliegt hier schon aus dem Buch, Super Conny nicht.} 
1...e6 {Nun weiss auch das TK-Buch nicht weiter.} 2.e4 d5 3.cxd5 exd5 4.exd5 
Qxd5 5.Nc3 Qe6+ 6.Be2 Nf6 7.Nf3 Bd6 8.d4 O-O 9.O-O Re8 10.Re1 Bd7 11.Bg5 Qf5 
12.Qd2 Bc6 $2 {Fehler. Aufgrund seiner Attacken auf die schwarze Dame baut sich
Weiß eine starke Stellung auf. Für Analyseengine Hiarcs 15.2 ist Schwarz bereits
verloren.} 13.Bd3 Qg4 14.d5 Rxe1+ 15.Rxe1 Bd7 16.Bxf6 gxf6 17.Ne4 Be7 18.Qc3 
Qf4 19.Qb3 b6 20.g3 {Ein kleiner Umweg.} ( 20.Qc3 $1 ) 20...Qxf3 21.Nd2 Qh5 
22.Rxe7 a5 $2 23.Ne4 Kg7 24.Qc3 Qf3 25.Ng5 Qxd5 26.Rxf7+ Qxf7 {Alles andere ist
schnell Matt. Nun verliert Turbo King II Haus und Hof.} 27.Nxf7 Kxf7 28.Qxc7 
Kg8 29.Be4 ( 29.Bc4+ {HIARCS 15.2: #11} 29...Kg7 30.Qd8 Nc6 31.Qxd7+ Kh6 
32.Qxc6 Rf8 33.Qd6 Kg7 34.Qe7+ Kg6 35.Qxf8 b5 36.Bf7+ Kg5 37.Qd6 Kg4 38.Qf4+ 
Kh3 39.Qf5# ) 29...Bc6 30.Qxh7+ Kf8 31.Bxc6 Nxc6 32.Qh8+ Ke7 33.Qxa8 {Das war's.
Sicherheitshalber geht es noch etwas weiter.} 33...Ne5 34.Qd5 Nd7 35.h4 Ne5 
36.h5 a4 37.h6 Nf7 38.h7 Kf8 39.Qa8+ Ke7 40.Qe4+ Kf8 41.Qxa4 Kg7 42.Qe8 f5 
43.Qxf7+ {und Schluss.} 1-0

[Event "Begrüßungsturnier Super Nova 8"]
[Site "Turnierstufe"]
[Date "2023.07.26"]
[Round "8"]
[White "Turbo King II EGR II"]
[Black "Super Nova"]
[Result "0-1"]
[WhiteElo "1940"]
[BlackElo "1860"]
[EventDate "????.??.??"]
[PlyCount "154"]

{Super Nova gewinnt auch die 8. Partie - dieses Mal im Turmendspiel. Ein
Versehen des Turbo King II reicht und die kleine Novag spult den Weg zum Sieg
ziemlich gekonnt ab. Ich habe das Gefühl, dass wir damals beinahe alle eine
hübsche Perle bei den Mittelklasse-Schachcomputern ziemlich übersehen haben.
Respekt vor dieser kleinen Wundertüte.} 1.Nf3 Nf6 2.c4 c5 3.d4 cxd4 4.Nxd4 e6 
5.Nc3 Bb4 {Buchende.} 6.Bd2 O-O 7.a3 Bxc3 8.Bxc3 {Buchende.} 8...d5 9.cxd5 exd5 
10.e3 Ne4 11.Bb4 Re8 12.Bb5 Bd7 13.Qa4 a5 14.O-O Bxb5 15.Nxb5 Nd7 16.Bc3 Ndc5 
17.Qd4 Nxc3 18.Qxc3 Ne4 19.Qc7 Rc8 {Super Nova hat alle Schotten am Damenflügel
dicht gemacht und natürlich ist Bauer b7 giftig.} 20.Qxd8 ( 20.Qxb7 $2 Rb8 
21.Qc6 ( 21.Qa6 Re6 22.Qa7 Rxb5 23.Qd4 {...} ) 21...Rb6 22.Qc2 Rxb5 {...} ) 
20...Rexd8 21.f3 Nd2 22.Rfc1 f6 23.Rxc8 Rxc8 24.Nc3 Rd8 $6 {zu defensiv.} 
25.Rd1 Nc4 26.Nxd5 Kf8 27.e4 Nxb2 28.Rb1 Nc4 29.Rxb7 Nxa3 30.Kf2 Nc4 31.Ke2 Ne5 
32.f4 Nc6 33.Rc7 Nb4 34.Nxb4 axb4 35.Rb7 Rd4 36.Rb8+ Kf7 37.Ke3 Rc4 38.Kd3 Rc3+ 
39.Kd2 Ra3 40.g3 Ra2+ 41.Ke3 Rb2 42.Rb7+ Kg6 43.f5+ Kh6 44.h4 b3 45.Kf3 Rb1 
46.Kf4 $2 {Ein Verlustzug. Kann Super Nova das nachweisen?} 46...b2 47.Kg4 
{Dringend nötig.} 47...g6 $1 48.fxg6 Kxg6 ( {Diese Abwicklung zu erkennen, ist
natürlich zuviel für die Super Nova:} 48...hxg6 49.Rb6 Kg7 50.Rb7+ Kf8 51.Rb6 
Ke7 52.Rb7+ Kd6 53.Rb5 Kc6 54.Rb8 Kc5 55.Rb7 Kc4 56.Rb6 Kd3 57.Rxf6 Rh1 58.Rb6 
b1=Q 59.Rxb1 Rxb1 {und 0:1} ) 49.h5+ Kh6 50.Rb8 Kg7 51.Rb7+ Kf8 52.e5 $2 
{Gewinnt Schwarz das?} 52...fxe5 53.Kg5 {(+00.08)} 53...e4 {(+1.04)} 54.g4 
{(-00.76)} 54...e3 {(+1.57)} 55.Rb8+ {(-02.05)} 55...Kf7 {(+0.95)} 56.Rb7+ Ke6 
57.Rb3 Kd5 58.Rxe3 {(-3.75)} 58...Rf1 {(+3.70) Super Nova gewinnt das.} 59.Rb3 
b1=Q 60.Rxb1 Rxb1 {Rest in je einer Stunde.} 61.Kh6 Ke6 62.Kxh7 Kf6 63.Kg8 Rb8+ 
64.Kh7 Rd8 65.g5+ Kxg5 66.Kg7 Rd7+ 67.Kf8 Kxh5 68.Ke8 Ra7 69.Kd8 Kg6 70.Kc8 Kf5 
71.Kb8 Rd7 {Der Novag weiß, was zu tun ist.} 72.Kc8 Ke6 73.Kb8 Kd6 
{Mattankündigung.} 74.Kc8 Kc6 75.Kb8 Rd8+ 76.Ka7 Rc8 77.Ka6 Ra8# 0-1

[Event "Begrüßungsturnier Super Nova 8"]
[Site "Turnierstufe"]
[Date "2023.07.28"]
[Round "9"]
[White "Super Nova"]
[Black "Turbo King II EGR II"]
[Result "1-0"]
[WhiteElo "1872"]
[BlackElo "1928"]
[EventDate "????.??.??"]
[PlyCount "73"]

{In Partie Nr. 9 gibt es den vierten Sieg in Folge für die Super Nova - und was
für einen. Sein Gegner, der eigentlich bekannt ist für seinen soliden
Spielaufbau, verzettelt sich schon in der Eröffnungsphase. Der kleine Novag -
für mich ist sie, in Anbetracht der enorm langsamen Hardware, eine Wundertüte -
nutzt die Schwächen und Lücken in der gegnerischen Stellung gekonnt und
gnadenlos aus. Bereits nach dem 13. Zug vom Turbo King II ist die Partie im
höheren Sinne (würde Kurt vermutlich sagen) aufgabereif. Das Kittinger-Programm
spielt die Partie danach konsequent nach Hause. Eine starke Leistung von Super
Nova, gekrönt von einer Mattankündigung in 6!} 1.e4 c5 2.Nf3 e6 3.d4 cxd4 
4.Nxd4 Nc6 5.Nc3 a6 {Buchende.} 6.Be3 {Buchende.} 6...d5 7.Bd3 Bb4 8.O-O Bxc3 
$5 ( {Sieht nur den Doppelbauern, nicht die eigene Entwicklung.} 8...Nf6 ) 
9.bxc3 e5 10.Nxc6 bxc6 11.f4 exf4 12.Bxf4 {Schwarz ist bereits schwer in der
Defensive.} 12...Nf6 13.Be5 ( {Besser:} 13.exd5 cxd5 ( 13...O-O 14.d6 {...} ) 
14.Bg5 O-O 15.Bxf6 gxf6 16.Qh5 f5 17.Bxf5 Bxf5 18.Rxf5 {...} ) 13...Nxe4 $2 
{Schrecklich.} ( {Mit} 13...Ng4 {kann er noch gut weiterspielen:} 14.Bg3 O-O 
15.Qf3 Be6 16.exd5 Qxd5 {...} ) 14.Bxe4 dxe4 15.Qxd8+ Kxd8 16.Bxg7 Rg8 17.Rxf7 
Ke8 18.Rc7 Bd7 19.Be5 Rc8 20.Ra7 Rg5 21.Bf4 Ra5 22.Rf1 h5 23.Bd6 {Mattdrohung!
Turbo King II könnte längst aufgeben.} 23...Bf5 24.Re7+ Kd8 {Was sonst?} ( 
24...Kf8 $2 25.Re5+ Kg7 26.Rxa5 Rd8 27.Be5+ {...} ) 25.c4 $1 Rb8 26.c5 $1 {Die
beiden Bauernzüge hatte der SciSys überhaupt nicht auf dem Schirm.} 26...Rxa2 
27.Rxf5 {Es ist bereits ein unabwendbares Matt in 10.} 27...Rb1+ 28.Kf2 $1 
{(+7.94)} ( 28.Rf1 {ist zwar auch gewonnen, dauert aber länger.} ) 28...Rxc2+ 
{(+3.26) aus der Sicht von Weiss.} 29.Kg3 Rxg2+ 30.Kxg2 Rb2+ 31.Kf1 {Matt in 6!
Das ist Rekord für Super Nova.} 31...Rb1+ 32.Ke2 Rb2+ 33.Kd1 Rd2+ 34.Kxd2 e3+ 
35.Rxe3 h4 36.Re7 a5 37.Rf8# 1-0

[Event "Begrüßungsturnier Super Nova 8"]
[Site "Turnierstufe"]
[Date "2023.07.29"]
[Round "10"]
[White "Turbo King II EGR II"]
[Black "Super Nova"]
[Result "1/2-1/2"]
[WhiteElo "1916"]
[BlackElo "1884"]
[EventDate "????.??.??"]
[PlyCount "96"]

{Schiedlich, friedlich einigen sich die beiden Duellanten in der 10. und letzten
Partie auf ein Unentschieden. Zunächst beginnt Turbo King II als Weißer stark
und bringt seinen Gegner in die Defensive. Leider vermasselt er sich selbst
seinen Vorteil, weil er die damen tauscht, statt den Bauern b6 zu schlagen. In
der Folge, nach einem fehlerhaften Springerzug von Weiss, dreht sich das Spiel.
Super Nova erreicht ein gewonnenes Bauernendspiel, das sie aber aufgrund
mangelnder Rechentiefe zu einem Remis vermasselt. Insgesamt hat der kleine Novag
in diesem 10-Partien-Duell sehr stark aufgespielt und hat in meiner internen
Turnierrangliste sehr gute 1885 Punkte erreicht. Nicht schlecht für einen Oldie
mit derartig schwacher Hardwareausstattung.} 1.e4 c6 2.d4 d5 3.exd5 cxd5 4.c4 
Nf6 5.Nc3 e6 {Buchende.} 6.c5 Be7 7.Bd3 {Buchende.} 7...Bd7 8.Nf3 O-O 9.O-O Re8 
10.Bf4 Nc6 11.Qb3 Na5 12.Qc2 h6 13.Rfe1 Nc6 14.Qb3 Nh5 15.Be5 Qc8 16.Nb5 Nxe5 
17.Nxe5 Nf4 18.Nd6 {Weiss hat den Anzugsvorteil in eine klar bessere Stellung
umgewandelt.} 18...Bxd6 19.cxd6 Nxd3 20.Qxd3 Qd8 21.Rac1 Rc8 22.Qb3 b6 23.Qa3 
a5 24.Rxc8 Qxc8 25.b4 axb4 26.Qa7 Rd8 27.Qc7 $2 {Schade. Weiss vergibt seinen
leichten Vorteil. Warum schlägt er nicht einfach auf b6?} 27...b3 ( {Die
genauere Antwort ist:} 27...f6 28.Qxc8 Bxc8 29.Nc6 Re8 30.Ne7+ Kf7 31.Rc1 Bd7 
32.Rc7 Ra8 33.Rxd7 b3 34.Nxd5+ Kg6 35.Nc3 bxa2 36.Nxa2 Rxa2 {... Das findet aber
kein Oldie, denke ich.} ) 28.axb3 f6 29.Nd3 $2 {Jetzt geht es Schwarz gut, denn
der weiße Bauer ist nicht zu halten.} 29...Qxc7 30.dxc7 Rc8 31.Rc1 Kf7 {Der über
30 Jagre alte Novag-Micro agiert erstaunlich zielstrebig.} 32.f4 Ke7 33.Kf2 Kd6 
34.Nb4 Rxc7 35.Rxc7 Kxc7 36.Ke3 Kd6 37.Nd3 Bb5 38.h3 $2 {Wenn Super Nova jetzt
abtauscht, ist das Endspiel für sie leicht gewonnen.} 38...Bxd3 $1 {Wie gesagt:
zielstrebig.} 39.Kxd3 e5 $1 40.f5 e4+ 41.Ke3 Ke7 {Na, das ist zwar immer noch
gewonnen, aber ein Umweg. Der König muss zum Damenflügel, wenn's schneller gehen
soll.} 42.g4 Kf7 43.Kf4 g6 {Dann eben auf der anderen Seite des Brettes.} 44.h4 
gxf5 $4 {Autsch, das tut weh. Der Zug verdirbt den sicheren Sieg zum Remis. Das
kann der kleine Novag aber unmöglich errechnen. Doch abwarten: Wer macht den
letzten Fehler?} 45.gxf5 Ke8 46.b4 Kd7 47.b5 {Rien ne va plus. Alle Einfallstore
sind dicht und der Bauer auf e4 muss bewacht werden, also Remis.} 47...Kc7 
48.Kg4 Kd6 1/2-1/2

[Event "Begrüßungsturnier Super Nova 9"]
[Site "Turnierstufe"]
[Date "2023.07.31"]
[Round "1"]
[White "Super Nova"]
[Black "Designer 2100 Display"]
[Result "1/2-1/2"]
[WhiteElo "1885"]
[BlackElo "1905"]
[EventDate "????.??.??"]
[PlyCount "59"]

1.e4 c5 2.b4 {Super Nova spielt alles und der Gegner muss erstmal beweisen, dass
es schlecht ist.} 2...cxb4 3.a3 d5 4.exd5 Qxd5 5.Nf3 e5 6.axb4 {Buchende.} 
6...Bxb4 {Buchende.} 7.c3 Bd6 8.d4 Nc6 9.Nbd2 exd4 10.Bc4 Qf5 11.cxd4 Be6 
12.O-O Nf6 13.Bxe6 fxe6 14.Nc4 Bb4 15.Qb3 O-O 16.Ne3 Qe4 17.Bb2 Nd5 $5 {Jetzt
kann Weiß den Bauern zurückgewinnen und das Spiel ausgleichen.} 18.Ng5 Qg6 
19.Nxe6 Qxe6 20.Qxd5 Qxd5 21.Nxd5 Bd6 22.Ne3 a5 23.d5 Ne5 24.Bc3 a4 25.Rfb1 Rf7 
26.Rb6 $2 {Der Turm bekommt sofort einen Tritt.} 26...Bc5 27.Rb5 Bd6 28.Rb6 
{Die Beiden haben offensichtlich keine Lust mehr weiterzuspielen.} ( 28.Bb4 $1 
{würde einen Bauernvorteil einbringen.} 28...Bxb4 29.Rxb4 a3 30.Rb3 a2 31.Rb2 
b5 32.Raxa2 {...} ) 28...Bc5 {(0.00)} 29.Rb5 {(-0.12)} 29...Bd6 ( 29...Nd3 $1 
{und z.B.} 30.Ba5 Rxf2 31.Rxc5 Nxc5 32.Kxf2 Rxa5 {... würde für Schwarz Material
gewinnen.} ) 30.Rb6 {Doch die Zwei wollen wohl Kräfte für's weitere Match
sparen. Remis 3x.} 1/2-1/2

[Event "Begrüßungsturnier Super Nova 9"]
[Site "Turnierstufe"]
[Date "2023.08.01"]
[Round "2"]
[White "Designer 2100 Display"]
[Black "Super Nova"]
[Result "0-1"]
[WhiteElo "1904"]
[BlackElo "1886"]
[EventDate "????.??.??"]
[PlyCount "68"]

{Super Nova spielt die Eröffnung erneut unkonventionell, nach dem Motto:
"Beweise mir doch mal, dass das schlecht ist." Der Designer kann den Beweis
nicht erbringen. Im Gegenteil: Der kleine Novag macht dem Fidelity klar, dass er
sich nicht allzuviele Ungenauigkeiten leisten kann, ansonsten gibt's nämlich
eine Hinrichtung. Was für ein Klasse-Paket hat Dave Kittinger damals da für
Novag geschnürt. Eine späte Entdeckung.} 1.e4 e5 2.Nf3 {Buchende.} 2...d5 $5 
{Super Nova spielt alles!} 3.exd5 e4 4.Qe2 Nf6 5.Nc3 Be7 6.Nxe4 Nxd5 
{Buchende.} 7.d4 O-O 8.c4 Nf6 9.Bd2 Nc6 10.d5 Nxe4 11.Qxe4 Bd6 12.Qb1 $5 {Weiß
sollte besser den König mittels Rochade aus der Schusslinie bringen.} 12...Re8+ 
13.Be2 Ne7 14.Qc2 Bg4 {Warum nicht das logische} ( 14...Bf5 {.} ) 15.c5 Bxf3 ( 
{Spannend sind auch Verwicklungen nach} 15...Nf5 {.} ) 16.gxf3 Be5 17.Qb3 $2 
{Nun agiert Weiß einmal zuviel mit der Dame.} 17...Nxd5 {und Super Nova ist am
Drücker.} 18.Rd1 Bd4 19.Qxb7 $4 Qe7 {nicht schlecht, aber:} ( 19...Rb8 $3 
20.Qc6 Qh4 21.Rf1 Qe7 22.Qa6 Rxb2 23.Rg1 Nf4 {und Weiß kann einpacken.} ) 
20.Be3 $2 {Ein weiterer taktischer Fehler.} 20...Bxe3 21.Rxd5 {Noch das kleinste
Übel.} 21...Bxf2+ $1 22.Kxf2 Qxe2+ 23.Kg3 Rab8 24.Qxc7 Rxb2 {Hiarcs 15.2 sieht
schon das Matt.} 25.Rf5 Qg2+ 26.Kh4 Rb4+ 27.f4 f6 28.h3 Qxh1 29.Rxf6 gxf6 
30.Qd6 Qf3 {Mattankündigung.} 31.Qxf6 Rxf4+ 32.Kg5 Qg3+ 33.Kh5 Rxf6 34.h4 Re5# 0-1

[Event "Begrüßungsturnier Super Nova 9"]
[Site "Turnierstufe"]
[Date "2023.08.01"]
[Round "3"]
[White "Super Nova"]
[Black "Designer 2100 Display"]
[Result "0-1"]
[WhiteElo "1897"]
[BlackElo "1893"]
[EventDate "????.??.??"]
[PlyCount "76"]

{Auch für die Super Nova wachsen die Bäume nicht in den Himmel. In der 3. Partie
muss sie eine herbe Niederlage einstecken. Eine völlige Fehleinschätzung der
Gefährlichkeit der schwarzen Bauern am Damenflügel führt bereits nach dem 20.
Zug zu einer unhaltbaren Stellung. Das Spracklen-Programm wandelt danach seinen
Vorteil ohne Fehl und Tadel in einen flotten Sieg um.} 1.d4 d5 2.c4 e6 3.Nc3 
Nf6 4.Bg5 Be7 5.e3 O-O 6.Nf3 Nbd7 7.Rc1 c6 8.Bd3 dxc4 9.Bxc4 Nd5 10.Bxe7 Qxe7 
{Buchende.} 11.Ne4 {Buchende. Super Nova kann auch die gängigen Eröffnungen.} 
11...f5 {Kreativ, aber auch gut?} 12.Nc3 b5 13.Bb3 Bb7 14.O-O Nxc3 15.bxc3 c5 
{Das Spiel ist im Gleichgewicht.} 16.Rb1 Be4 17.Rb2 a6 18.c4 Rac8 19.cxb5 axb5 
20.a4 $2 {Der Verlustzug, nun werden die Freibauern eine Macht.} ( 20.dxc5 $1 
{Ist natürlich angesagt.} ) 20...c4 21.Bc2 b4 22.Bxe4 fxe4 23.Ne1 Nb6 24.f3 Ra8 
25.fxe4 Rxf1+ 26.Kxf1 Nxa4 27.Rf2 Nc3 28.Qf3 b3 {(+1.75)} 29.Qh5 {(-1.72)} 
29...Nxe4 30.Qf3 Qb7 31.Kg1 c3 32.Nd3 b2 33.Rf1 b1=Q 34.Rxb1 Qxb1+ 35.Qf1 {SN
erkennt das Matt...} 35...Ra1 {... und nun auch der Fidelity.} 36.Nc1 Qxc1 
37.h3 Qxf1+ 38.Kh2 Qg1# 0-1